000 02742cam a22002054a 4500
005 20250605164028.0
008 250528s ||||||||||||||||||||||||d
035 _a16507
020 _a9608386152
040 _aGR-AtMCL
_bgre
_dGR-AtMCL
_eAACR2
245 1 _aΤο Μικρό Βιβλίο για τη Γη / Μια Προκλητική Ματιά σ'έναν Πλανήτη που Βρίσκεται σε Κρίση
250 _a
260 _bΚέρκυρα,
_c2004
300 _a292
520 _aΑυτή η συλλογή των πρωτότυπων, ερεθιστικών, μικρών δοκιμίων που κεντρίζουν το ενδιαφέρον εστιάζει στο ερώτημα τι πηγαίνει στραβά με τον πλανήτη μας και στην μεγαλύτερη πρόκληση του αιώνα μας: πώς να σώσουμε τη Γη από τους εαυτούς μας. Εισαγωγή, Βακαλάος, Μην Προβλέπετε!, Η Στιβάδα του Όζοντος, Νερό, Οικολογικά Αποτυπώματα, Ένα Οξύμωρο;, Ατμοσφαιρικός Άνθρακας, Η Ευρώπη Ψύχεται, Ρίο και Κιότο, Περιστολή και Σύγκλιση, Εγχώρια Εμπορεύσιμη Ποσόστωση (DTQ), Το Μέλλον του Πετρελαίου, Η Οικονομία του Υδρογόνου, Πυρηνική Ενέργεια, Το Εμπόριο Όπλων, Όπλα Πολέμου, Εργαλεία για την Ειρήνη, Ανισότητα, Τοκογλυφία και Απληστία, Οικονομική Ανάπτυξη, Ένα Παράδοξο, Το να Κάνετε Χρήματα, Τράπεζες, Τραπεζική Χωρίς Τόκο, Η Πόλη της Αυστρίας Worgl, Παγκόσμιο Οικο-Νόμισμα, Το Εισόδημα των Πολιτών, Δραστήριες Πόλεις, Τζαμιά και Εκκλησίες, Βασικές Ανάγκες, ''Αυτοί'' ή ''Εμείς'', Πλούτος στη Φτώχεια, Το Απεχθές Χρέος, Το Χρέος του Τρίτου Κόσμου, Το Χρέος του Πρώτου Κόσμου, Ελεύθερο Εμπόριο, Απλώς Αλλάξτε, Ο ΠΟΕ, Η Γενική Συμφωνία Εμπορίου και Υπηρεσιών (GATS), Η Στέρηση του Νερού, Η Πρώτη Πολυεθνική Εταιρεία, Το Τέλος της Τυραννίας, Πολιτισμένες Αξίες, Η Αυτοκρατορία, Αυτοκρατορικός Φόρος Υποτέλειας.
700 1 _aBruges James
_92602
942 _cBK
999 _c2001
_d2001